25 Facts About John Quincy Adams Quiz Stats

 Plays Quiz Updated May 21, 2018

Score 0/25 Timer 08:00
2 Plays Today
% Correct
Walked
86.7%
Harvard
86.6%
Smithsonian Institution
85.5%
Donald Trump
85.2%
Pool
85.2%
Sixth
83.7%
France
83.1%
Adams-Onís Treaty
80.5%
Sierra Leone
79.4%
Potomac
78%
Mexico
77.7%
House of Representatives
76%
Monroe Doctrine
75.4%
% Correct
James Monroe
74.4%
Twelfth
74.3%
Andrew Jackson
71.2%
London
66.9%
Quincy
66.1%
Abraham Lincoln
64.5%
Massachusetts Senate
62.4%
Prussia
61.2%
Henry Clay
56.1%
John C. Calhoun
54.8%
Theophilus Parsons
52.7%
Leiden
41.1%

You're not logged in!

Compare scores with friends on all Sporcle quizzes.
OR
Log In

Sporcle TV

Today on Sporcle TV


Watch our educational content, quiz creation guides, and fun videos on Sporcle TV.

Show Comments

Extras

Top Quizzes Today


Score Distribution

Your Account Isn't Verified!

In order to create a playlist on Sporcle, you need to verify the email address you used during registration. Go to your Sporcle Settings to finish the process.

Report this User

Report this user for behavior that violates our Community Guidelines.

Details: